000 00529nam a2200181Ia 4500
008 240729s9999 xx 000 0 und d
022 _a2574-173X
245 0 _aNeuropsychopharmacology Reports
260 _aAustralia
260 _bWiley
650 _a Internal medicine
650 _a Neurosciences. Biological psychiatry. Neuropsychiatry
650 _a Therapeutics. Pharmacology | Medicine
650 _aMedicine
856 _uhttps://doaj.org/toc/844f128de1c4409196694831378e6d34
942 _2ddc
942 _cDOAJEJ
999 _c72559
_d72559
945 _a1
_bMadushi Gamage
_c1
_dMadushi Gamage